Estudio sobre la planificación del desarrollo económico de Nicaragua
Consideraciones generales para realizar un estudio amplio sobre el desarrollo económico de Nicaragua, como base de la reconstrucción nacional a la caída de Somoza. Señala que el estudio a realizar serviría para: Diagnosticar orgánicamente el desastre en que Somoza ha dejado al país, su magnitud y re...
Kaydedildi:
| Materyal Türü: | Metin |
|---|---|
| Baskı/Yayın Bilgisi: |
San José:
CSUCA
|
| Konular: | |
| Etiketler: |
Etiketle
Etiket eklenmemiş, İlk siz ekleyin!
|
MARC
| LEADER | 00000 a a2200000 04500 | ||
|---|---|---|---|
| 001 | 20057 | ||
| 003 | |||
| 040 | |||
| 090 | |a 082200 | ||
| 245 | |a Estudio sobre la planificación del desarrollo económico de Nicaragua | ||
| 260 | |a San José: |b CSUCA | ||
| 300 | |a 23 p | ||
| 520 | |a Consideraciones generales para realizar un estudio amplio sobre el desarrollo económico de Nicaragua, como base de la reconstrucción nacional a la caída de Somoza. Señala que el estudio a realizar serviría para: Diagnosticar orgánicamente el desastre en que Somoza ha dejado al país, su magnitud y repercusiones en distintos sectores, Proponer un plan de emergencia para reiniciar la marcha del Estado y de la actividad económica y Identificar las áreas principales de una estrategia de desarrollo a corto y mediano plazo./ACM | ||
| 650 | |a NICARAGUA | ||
| 650 | |a ESTRUCTURA ECONOMICA | ||
| 650 | |a ESTUDIOS ECONOMICOS | ||
| 650 | |a RECONSTRUCCION DE LA ECONOMIA | ||
| 650 | |a PLANIFICACION DEL DESARROLLO | ||
| 650 | |a PUB. CSUCA | ||
| 999 | |c 12140 |d 12140 | ||
